CONFRONTING REALITY DOING WHAT MATTERS T (Record no. 23177)

MARC details
000 -LEADER
fixed length control field 00356nam a2200133Ia 4500
008 - FIXED-LENGTH DATA ELEMENTS--GENERAL INFORMATION
fixed length control field 240624s9999 xx 000 0 und d
041 ## - LANGUAGE CODE
Language code of text/sound track or separate title eng
082 ## - DEWEY DECIMAL CLASSIFICATION NUMBER
Classification number 658.406 BOS
100 ## - MAIN ENTRY--PERSONAL NAME
Personal name BOSSIDY LARRY
245 ## - TITLE STATEMENT
Title CONFRONTING REALITY DOING WHAT MATTERS T
260 ## - PUBLICATION, DISTRIBUTION, ETC.
Date of publication, distribution, etc. 2004
Place of publication, distribution, etc. New York
Name of publisher, distributor, etc. Crown Business
300 ## - PHYSICAL DESCRIPTION
Extent viii, : 264 : p. : cm. ; 24
365 ## - TRADE PRICE
Currency code
Price amount 25
Holdings
Withdrawn status Lost status Damaged status Not for loan Home library Current library Shelving location Date acquired Source of acquisition Cost, normal purchase price Full call number Barcode Date last seen Copy number Price effective from Koha item type
        IMTN IMTN Rack 31-A 09/26/2014 VBC 27.50 658.406 BOS 23177 06/24/2024 64.2 06/24/2024 Books
Designed & Maintained by: LRC IMT Nagpur Contact: lrc@imtnag.ac.in© 2024. All Rights Reserved.